Patrimony : (Record no. 234525)

000 -LEADER
fixed length control field 01011cam a2200277 a 4500
001 - CONTROL NUMBER
control field 2470581
003 - CONTROL NUMBER IDENTIFIER
control field Nust
005 - DATE AND TIME OF LATEST TRANSACTION
control field 20170322103711.0
008 - FIXED-LENGTH DATA ELEMENTS--GENERAL INFORMATION
fixed length control field 900404s1991 nyuc 000 0aeng
010 ## - LIBRARY OF CONGRESS CONTROL NUMBER
LC control number 90035891
020 ## - INTERNATIONAL STANDARD BOOK NUMBER
International Standard Book Number 9780099914303
Terms of availability $19.95
040 ## - CATALOGING SOURCE
Original cataloging agency DLC
Transcribing agency DLC
Modifying agency DLC
043 ## - GEOGRAPHIC AREA CODE
Geographic area code n-us---
050 00 - LIBRARY OF CONGRESS CALL NUMBER
Classification number PS3568.O855
Item number Z468 1991
082 00 - DEWEY DECIMAL CLASSIFICATION NUMBER
Classification number 813.54
Author Mark ROT
100 1# - MAIN ENTRY--PERSONAL NAME
Personal name Roth, Philip.
245 10 - TITLE STATEMENT
Title Patrimony :
Remainder of title a true story /
Statement of responsibility, etc. Philip Roth.
260 ## - PUBLICATION, DISTRIBUTION, ETC.
Place of publication, distribution, etc. New York :
Name of publisher, distributor, etc. Simon and Schuster,
Date of publication, distribution, etc. 1991.
300 ## - PHYSICAL DESCRIPTION
Extent 238 p. :
Other physical details port. ;
Dimensions 25 cm.
600 10 - SUBJECT ADDED ENTRY--PERSONAL NAME
Personal name Roth, Philip
General subdivision Family.
600 30 - SUBJECT ADDED ENTRY--PERSONAL NAME
Personal name Roth family.
650 #0 - SUBJECT ADDED ENTRY--TOPICAL TERM
Topical term or geographic name entry element Novelists, American
Chronological subdivision 20th century
General subdivision Family relationships.
906 ## - LOCAL DATA ELEMENT F, LDF (RLIN)
a 7
b cbc
c orignew
d 1
e ocip
f 19
g y-gencatlg
942 ## - ADDED ENTRY ELEMENTS (KOHA)
Source of classification or shelving scheme
Koha item type Book
Holdings
Withdrawn status Lost status Source of classification or shelving scheme Damaged status Not for loan Permanent Location Current Location Shelving location Date acquired Total Checkouts Total Renewals Full call number Barcode Date last seen Date last checked out Copy number Price effective from Koha item type
          Central Library (CL) Central Library (CL) Fiction 03/22/2017 2 1 813.54 ROT CL1573 04/19/2026 09/12/2025 1 03/22/2017 Book
© 2023 Central Library, National University of Sciences and Technology. All Rights Reserved.